Territorios con más PIB (PPA) per cápita. - Estadísticas

Estadísticas generales
  • Esta prueba ha sido intentada 2 veces
  • La puntuación promedio es 4 de 9
Estadísticas de respuestas
Territorio % Correcto
Groenlandia
100%
Puerto Rico
100%
Islas Caimán
50%
Islas Feroe
50%
Islas Turcas y Caicos
50%
Islas Vírgenes de los Estados Unidos
50%
Bermudas
0%
Hong Kong
0%
Macao
0%
No se encontraron pruebas coincidentes
Distribución de puntuación
Porcentaje de gente con cada puntuación
Porcentaje por número respondido
Historial de tus puntuaciones
No has intentado esta prueba.